Countries by Their Colonies - Statistics

General Stats
  • This quiz has been taken 134 times
  • The average score is 11 of 15
Answer Stats
Colonies Colonizer % Correct
India, Egypt, South Africa, Australia, Canada United Kingdom
100%
Algeria, Chad, Vietnam, Madagascar, Mali France
98%
Argentina, Mexico, Morocco Colombia, Cuba Spain
98%
Brazil, Guinea Bissau, Mozambique, Angola, East Timor Portugal
97%
Indonesia, Sri Lanka, South Africa, Myanmar Netherlands
87%
Libya, Eritrea, Somalia Italy
82%
D.R.C, Rwanda, Burundi Belgium
78%
Taiwan, South Korea, North Korea Japan
77%
Iceland, Norway Denmark
74%
Philippines, Samoa, Liberia United States
74%
Cameroon, Tanzania, Cameroon, Togo, Papua New Guinea Germany
70%
Iceland, Canada Norway / Vikings
50%
Poland, Germany, Estonia Sweden
27%
United States Russia
23%
Tanzania, Qatar, Bahrain Oman
22%
No matching quizzes found
Score Distribution
Percent of People with Each Score
Percentile by Number Answered
Your Score History
You have not taken this quiz